| 000 | 00497nam a22001217a 4500 | ||
|---|---|---|---|
| 999 |
_c9798 _d9798 |
||
| 003 | OSt | ||
| 008 | 201203b ||||| |||| 00| 0 eng d | ||
| 245 | _aDelhi Business Review : An International Journal of Society for Human Transformation and Research | ||
| 250 | _a2012(Jul-Dec Vol.13 No.2) 2013(Jan-Jun Vol.14 No.1, Jul-Dec Vol.14 No.2) 2014(Jan-Jun Vol.15 No.1, Jul-Dec Vol.15 No.2) | ||
| 260 |
_aNew Delhi _bSociety for Human Transformation and Research |
||
| 650 | _aManagement | ||
| 942 |
_2ddc _cBV |
||